000 00573cam a22002053a 4500
001 45983
003 PGUSA
005 20140828084056.0
008 140615s2014||||xxu|||||s|||||000 | eng d
040 _aPGUSA
_beng
042 _adc
100 1 _aNeally, Amy
245 1 0 _aTo Nuremberg and Back :
_bA Girl's Holiday
_h[electronic resource] /
_cAmy Neally
260 _bProject Gutenberg,
_c2014
506 _aPublic domain in the USA.
516 _aElectronic text
830 0 _aProject Gutenberg
_v45983
856 4 0 _uhttp://www.gutenberg.org/ebooks/45983
942 _cEB
999 _c275232
_d275232